|
|
|
|
| LEADER |
00000cam a2200000 7i4500 |
| 001 |
0000002518 |
| 002 |
000002742 |
| 005 |
20000330.0 |
| 020 |
|
|
|a 0273601547
|
| 090 |
0 |
0 |
|a 657
|b RIC
|
| 100 |
1 |
|
|a Rice, Anthony
|
| 245 |
1 |
0 |
|a Accounts demystified :
|b how to understand and use company accounts
|c Anthony Rice
|
| 260 |
|
|
|a London :
|b Pitman Publishing ,
|c 1993
|
| 300 |
|
|
|a 182p. ;
|c 23cm.
|
| 650 |
0 |
0 |
|a Business accounting
|
| 650 |
0 |
0 |
|a Sales accounting
|
| 999 |
|
|
|a 035991
|b BUKU
|c PINJAMAN
|e PERPUSTAKAAN KOMUNITI PETALING JAYA
|
| 999 |
|
|
|a 035992
|b BUKU
|c PINJAMAN
|e PERPUSTAKAAN KOMUNITI PETALING JAYA
|
| 999 |
|
|
|a 047981
|b BUKU
|c PINJAMAN
|e PERPUSTAKAAN KOMUNITI PETALING JAYA
|